[Event "C.to Provinciale BS"]
[Site "Provaglio d'Iseo ITA"]
[Date "2012.03.02"]
[Round "1"]
[White "Barucco, Mattia"]
[Black "Zorzi, Aristide"]
[WhiteElo "1979"]
[BlackElo "1765"]
[Result "1-0"]
[PlyCount "41"]
[EventDate "2012.03.02"]

1. e4 e6 2. d4 d5 3. e5 c5 4. c3 Nc6 5. Nf3 cxd4 6. cxd4 Nge7 7. a3 Nf5 8. b4
Bd7 9. Bb2 Be7 10. Nbd2 O-O 11. Bd3 Qb6 12. Nb3 Rac8 13. O-O Nb8 14. Qd2 g6 15.
h3 a6 16. Nc5 Bb5 17. Bxb5 axb5 18. g4 Ng7 19. Rae1 Qc6 20. Rc1 b6 21. Na4 1-0

[Event "C.to Provinciale BS"]
[Site "Provaglio d'Iseo ITA"]
[Date "2012.03.02"]
[Round "1"]
[White "Brugaletta, Giorgio"]
[Black "Schaberg, Wolfgang"]
[WhiteElo "1696"]
[BlackElo "1886"]
[Result "0-1"]
[PlyCount "47"]
[EventDate "2012.03.02"]

1. c4 e5 2. Nc3 Nf6 3. g3 c6 4. Bg2 d5 5. cxd5 cxd5 6. d3 Nc6 7. Nf3 h6 8. O-O
a6 9. a3 Be6 10. b4 b5 11. Bb2 Rc8 12. Rc1 Bd6 13. Rc2 d4 14. Qa1 dxc3 15. Bxc3
Nd4 16. Bxd4 Rxc2 17. Nxe5 Bxe5 18. Bxe5 O-O 19. Bf3 Bh3 20. Rd1 Re8 21. d4 Ng4
22. Bf4 Rcxe2 23. Bxe2 Rxe2 24. Rd2 0-1

[Event "C.to Provinciale BS"]
[Site "Provaglio d'Iseo ITA"]
[Date "2012.03.02"]
[Round "1"]
[White "Conti, Ferdinando"]
[Black "Bosio, Devis"]
[WhiteElo "1788"]
[BlackElo "2066"]
[Result "0-1"]
[PlyCount "144"]
[EventDate "2012.03.02"]

1. b4 e5 2. Bb2 f6 3. b5 d5 4. e3 Be6 5. Nf3 Bd6 6. Be2 Ne7 7. O-O O-O 8. d3 c5
9. c4 d4 10. Qc2 Nd7 11. Nbd2 dxe3 12. fxe3 Nf5 13. Kf2 Nh6 14. Kg1 Ng4 15. Ne4
Nxe3 16. Qc1 Nxf1 17. Nxd6 Nxh2 18. Nxh2 Qc7 19. Ne4 Rfd8 20. Qe3 a6 21. Qg3
axb5 22. a3 bxc4 23. dxc4 Kh8 24. Rf1 Rf8 25. Bd3 Bg8 26. Qh3 Rae8 27. Nf3 g6
28. Qh6 Nb6 29. Nh4 Qg7 30. Qe3 Bxc4 31. Nd6 Bxd3 32. Nxe8 Rxe8 33. Qxd3 Nd7
34. Rd1 Nf8 35. Qc4 Qe7 36. a4 Ne6 37. Ba3 b6 38. Rb1 Qd6 39. Bb2 Nd4 40. Qf7
Qf8 41. Qb7 Qh6 42. Bxd4 exd4 43. Nf3 Qe3+ 44. Kh1 Qh6+ 45. Kg1 d3 46. Rd1 Qe3+
47. Kh1 c4 48. Qf7 Qe6 49. Qc7 Re7 50. Qb8+ Re8 51. Qb7 Re7 52. Qb8+ Kg7 53.
Qf4 Qd5 54. Qd2 g5 55. Re1 Rc7 56. Qc3 g4 57. Nd2 Qa5 58. Ne4 Qxc3 59. Nxc3 Rd7
60. Rd1 f5 61. Kg1 Kf6 62. Kf2 Ke5 63. g3 Kd4 64. Nb5+ Kc5 65. Ke3 Kd5 66. Kf4
h5 67. Kxf5 Rf7+ 68. Kg6 Rf3 69. Kxh5 Rxg3 70. Nc3+ Ke5 71. Re1+ Kf4 72. Kh4
Rh3# 0-1

[Event "C.to Provinciale BS"]
[Site "Provaglio d'Iseo ITA"]
[Date "2012.03.02"]
[Round "1"]
[White "Cristiani, Cesare"]
[Black "Cattaneo, Ugo"]
[WhiteElo "2121"]
[BlackElo "1827"]
[Result "0-1"]
[PlyCount "76"]
[EventDate "2012.03.02"]

1. c4 e5 2. Nc3 c5 3. g3 Nf6 4. Bg2 d6 5. Rb1 Nc6 6. a3 a5 7. d3 Be7 8. e3 O-O
9. Nge2 h6 10. O-O Nh7 11. Nd5 Ng5 12. f4 exf4 13. gxf4 Nh3+ 14. Kh1 Bh4 15.
Ng3 g6 16. Bd2 h5 17. Bc3 Bg4 18. Bf3 f5 19. b3 Ne7 20. Rb2 Nxd5 21. Bxd5+ Kh7
22. Qc1 Rb8 23. b4 axb4 24. axb4 b6 25. Ra2 Bf6 26. Ra7+ Kh6 27. Kg2 Bxc3 28.
Qxc3 Qf6 29. Qd2 b5 30. Rb1 bxc4 31. dxc4 cxb4 32. Rxb4 Rfe8 33. Rb5 Rxb5 34.
cxb5 h4 35. Nf1 Nxf4+ 36. Kh1 Nxd5 37. Qxd5 f4 38. Qb7 fxe3 0-1

[Event "C.to Provinciale BS"]
[Site "Provaglio d'Iseo ITA"]
[Date "2012.03.02"]
[Round "1"]
[White "Ghidinelli, Giorgio"]
[Black "Frugoni, Giulio"]
[WhiteElo "1885"]
[BlackElo "1641"]
[Result "1-0"]
[PlyCount "123"]
[EventDate "2012.03.02"]

1. d4 Nf6 2. c4 e6 3. Nc3 d5 4. e3 c5 5. cxd5 exd5 6. Bb5+ Nc6 7. Nge2 cxd4 8.
Nxd4 Bd7 9. O-O Be7 10. a3 O-O 11. Be2 a6 12. b4 Rc8 13. Bb2 Re8 14. Re1 Ne5
15. Qc2 Nc4 16. Bxc4 dxc4 17. Rad1 Qc7 18. h3 b5 19. Bc1 Bd6 20. Nf5 Bxf5 21.
Qxf5 Re5 22. Qf3 Rg5 23. e4 Rg6 24. Nd5 Nxd5 25. Rxd5 Rf6 26. Qc3 Bf4 27. e5
Bh2+ 28. Kf1 Rg6 29. g3 Qc6 30. Red1 h6 31. Kg2 Rd8 32. Qf3 Re8 33. Bb2 Bxg3
34. fxg3 Qe6 35. Rd6 Qe7 36. Rxg6 fxg6 37. Qd5+ Kh7 38. Qe4 Qg5 39. h4 Qh5 40.
Rd6 Rf8 41. g4 Qxh4 42. Qxg6+ Kh8 43. Bd4 Qe1 44. Rf6 Qe2+ 45. Rf2 Rxf2+ 46.
Bxf2 Qxe5 47. Qc6 c3 48. Qc8+ Kh7 49. Qf5+ Qxf5 50. gxf5 Kg8 51. Kf3 Kf7 52.
Kg4 Kf6 53. Bd4+ Kf7 54. Bxc3 g6 55. Bd2 gxf5+ 56. Kxf5 Kg7 57. Ke6 h5 58. Kd6
Kf6 59. Kc6 Ke5 60. Bg5 Kd4 61. Kb6 Kc4 62. Kxa6 1-0

[Event "C.to Provinciale BS"]
[Site "Provaglio d'Iseo ITA"]
[Date "2012.03.02"]
[Round "1"]
[White "Massetti, Euro"]
[Black "Vagliati, Massimo"]
[WhiteElo "1898"]
[BlackElo "1732"]
[Result "1-0"]
[PlyCount "52"]
[EventDate "2012.03.02"]

1. e4 c5 2. b4 e6 3. bxc5 Bxc5 4. d4 Bb6 5. Nf3 a6 6. Bd3 Ne7 7. O-O Nbc6 8. c3
d5 9. Nbd2 dxe4 10. Nxe4 Nd5 11. Ba3 Bc7 12. Rc1 Bf4 13. Qa4 Bd7 14. Qc2 b5 15.
Bc5 Nce7 16. Rce1 Bc6 17. g3 Bc7 18. Nfg5 Qd7 19. Nxf7 Kxf7 20. Ng5+ Kf6 21.
Rxe6+ Qxe6 22. Nxe6 Kxe6 23. Qe2+ Kf7 24. Re1 Rhe8 25. Qe6+ Kf8 26. Qxc6 Ba5
1-0

[Event "C.to Provinciale BS"]
[Site "Provaglio d'Iseo ITA"]
[Date "2012.03.02"]
[Round "1"]
[White "Onger, Nicola"]
[Black "Dieli, Alberto"]
[WhiteElo "1748"]
[BlackElo "1947"]
[Result "0-1"]
[PlyCount "60"]
[EventDate "2012.03.02"]

1. e4 e5 2. Nf3 Nc6 3. Bc4 Nf6 4. d3 Bc5 5. O-O d6 6. h4 Be6 7. Bb3 Qd7 8. Bxe6
fxe6 9. c3 O-O 10. Be3 Bb6 11. Bxb6 axb6 12. Na3 Ne7 13. Re1 Ng6 14. d4 Qc6 15.
dxe5 dxe5 16. Qe2 Ra6 17. Nd2 Nf4 18. Qe3 Rd8 19. f3 Nd3 20. Reb1 Nxb2 21. Rxb2
Rxa3 22. Rb3 Rda8 23. Rxa3 Rxa3 24. Nb3 Qa4 25. Rd1 Rxa2 26. Qd3 Qxb3 27. Qd8+
Kf7 28. g4 Qc2 29. Rd7+ Kg6 30. Rxg7+ Kxg7 0-1

[Event "C.to Provinciale BS"]
[Site "Provaglio d'Iseo ITA"]
[Date "2012.03.02"]
[Round "1"]
[White "Sbernini, Daniele"]
[Black "Panada, Valter"]
[WhiteElo "1635"]
[BlackElo "1880"]
[Result "0-1"]
[PlyCount "101"]
[EventDate "2012.03.02"]

1. d4 Nf6 2. c4 c5 3. e3 e6 4. Nc3 Be7 5. Nf3 O-O 6. Bd3 Nc6 7. O-O d5 8. cxd5
exd5 9. a3 c4 10. Bc2 Bg4 11. h3 Bh5 12. b3 cxb3 13. Bxb3 Na5 14. Ba2 Rc8 15.
Bb2 Nc4 16. Bxc4 Rxc4 17. Qe2 Qa5 18. Rfc1 Rfc8 19. Qd2 Bxf3 20. gxf3 h6 21.
Qd3 Qb6 22. Rab1 Qe6 23. Kg2 Nh5 24. Ne2 f5 25. Ng3 Nxg3 26. fxg3 Rxc1 27. Rxc1
Rxc1 28. Bxc1 Qc6 29. Bb2 Qb6 30. Qc3 Kf7 31. Qc2 g6 32. h4 h5 33. Bc1 Qa5 34.
a4 b5 35. axb5 Qxb5 36. Kh3 Qf1+ 37. Kh2 Qxf3 38. Qc7 Qe2+ 39. Kh3 Qc4 40. Qxc4
dxc4 41. Kg2 Ke6 42. Kf2 Kd5 43. Ke2 Bd6 44. Kf3 a5 45. Bb2 a4 46. Bc3 a3 47.
Kf2 Ke4 48. Ba1 Bb4 49. Ke2 c3 50. Kd1 Kd3 51. d5 0-1

[Event "C.to Provinciale BS"]
[Site "Provaglio d'Iseo ITA"]
[Date "2012.03.09"]
[Round "2"]
[White "Bosio, Devis"]
[Black "Ghidinelli, Giorgio"]
[WhiteElo "2066"]
[BlackElo "1885"]
[Result "1/2-1/2"]
[PlyCount "121"]
[EventDate "2012.03.02"]

1. e4 c5 2. c3 Nf6 3. e5 Nd5 4. d4 cxd4 5. Nf3 Nc6 6. cxd4 d6 7. Bc4 dxe5 8.
Nxe5 Nxe5 9. dxe5 e6 10. O-O Be7 11. Qg4 Kf8 12. Nd2 Qc7 13. Nf3 h6 14. Bd2 Bd7
15. Rac1 Bc6 16. Bxd5 exd5 17. e6 Bf6 18. Bf4 Qe7 19. Rfe1 Kg8 20. exf7+ Qxf7
21. Ne5 Bxe5 22. Bxe5 Kh7 23. Qd4 Rhg8 24. Rc3 Rae8 25. h4 Re6 26. g4 g5 27. h5
Rge8 28. Rce3 a6 29. Qd3+ Kg8 30. Bc3 Re4 31. Rxe4 dxe4 32. Qd4 Kh7 33. b3 Qd7
34. Rxe4 Qxd4 35. Rxd4 Re4 36. Rxe4 Bxe4 37. Kh2 Kg8 38. Kg3 Kf7 39. a3 Bc2 40.
b4 Bd1 41. f3 Be2 42. Kf2 Bd1 43. Ke3 Ba4 44. Bd4 Bc6 45. Be5 Bd5 46. Bc7 Bc6
47. Bd8 Kg7 48. f4 gxf4+ 49. Kxf4 Ba4 50. Bb6 Bd1 51. Bd4+ Kh7 52. Kg3 Ba4 53.
Kh4 Bc6 54. g5 hxg5+ 55. Kxg5 Bf3 56. Be3 Bc6 57. Kf6 Bf3 58. h6 Bc6 59. Ke5
Bg2 60. Kd4 Bh1 61. Kc5 1/2-1/2

[Event "C.to Provinciale BS"]
[Site "Provaglio d'Iseo ITA"]
[Date "2012.03.09"]
[Round "2"]
[White "Cattaneo, Ugo"]
[Black "Bettoni, Davide"]
[WhiteElo "1827"]
[BlackElo "1593"]
[Result "1-0"]
[PlyCount "47"]
[EventDate "2012.03.02"]

1. e4 e5 2. Nf3 Nc6 3. Bc4 Nf6 4. Nc3 Bc5 5. d3 O-O 6. Bg5 d6 7. Nd5 Kh8 8.
Nxf6 gxf6 9. Bh6 Rg8 10. Qd2 Rxg2 11. O-O-O Rxf2 12. Qe1 Rxf3 13. Rg1 Bxg1 14.
Qxg1 Qg8 15. Qxg8+ Kxg8 16. Rg1+ Kh8 17. Bxf7 Rf1+ 18. Rxf1 Ne7 19. Rg1 Ng6 20.
h4 f5 21. h5 fxe4 22. hxg6 hxg6 23. dxe4 b6 24. Rh1 1-0

[Event "C.to Provinciale BS"]
[Site "Provaglio d'Iseo ITA"]
[Date "2012.03.09"]
[Round "2"]
[White "De Bellis, Aldo"]
[Black "Cristiani, Cesare"]
[WhiteElo "1687"]
[BlackElo "2121"]
[Result "0-1"]
[PlyCount "94"]
[EventDate "2012.03.02"]

1. e4 e6 2. Nf3 d5 3. exd5 exd5 4. d4 Nf6 5. Bg5 Be7 6. Bd3 Bg4 7. Nbd2 Nbd7 8.
c3 O-O 9. O-O Re8 10. Re1 Nf8 11. Nf1 Ne6 12. Be3 Bd6 13. h3 Bh5 14. Ng3 Bg6
15. Bxg6 hxg6 16. Qc2 c6 17. Ne5 Qc7 18. f4 Rac8 19. b4 b6 20. Qf2 Nf8 21. Rac1
N6d7 22. Qc2 f6 23. Nd3 g5 24. Nf5 Ne6 25. Nxd6 Qxd6 26. fxg5 fxg5 27. Qd2 Nf6
28. Ne5 Ne4 29. Qd1 Nf8 30. Qh5 g6 31. Qh8+ Kxh8 32. Nf7+ Kg8 33. Nxd6 Nxd6 34.
Bxg5 Rxe1+ 35. Rxe1 Re8 36. Rxe8 Nxe8 37. a4 Ne6 38. Be7 Kf7 39. Bh4 Nd6 40.
Be1 Ne4 41. Kf1 Kf6 42. g3 Ng7 43. Ke2 Nf5 44. Kf3 Nfd6 45. h4 Nc4 46. Kf4 Nb2
47. g4 Nd3+ 0-1

[Event "C.to Provinciale BS"]
[Site "Provaglio d'Iseo ITA"]
[Date "2012.03.09"]
[Round "2"]
[White "Dieli, Alberto"]
[Black "Dieli, Riccardo"]
[WhiteElo "1947"]
[BlackElo "1861"]
[Result "1/2-1/2"]
[PlyCount "124"]
[EventDate "2012.03.02"]

1. e4 c5 2. Nf3 Nc6 3. d4 cxd4 4. Nxd4 g6 5. c3 Bg7 6. Bc4 d6 7. O-O Nf6 8. f3
O-O 9. Be3 a6 10. Qd2 Re8 11. Rd1 Qc7 12. Na3 b5 13. Nxc6 Qxc6 14. Bb3 a5 15.
c4 b4 16. Nb5 a4 17. Bc2 Be6 18. Qxb4 Bxc4 19. Na3 Rec8 20. Bd4 Be6 21. Rac1
Rcb8 22. Bb1 Rxb4 23. Rxc6 Nd7 24. Bxg7 Kxg7 25. Rc2 Rab8 26. Rdd2 f5 27. Re2
Kf6 28. exf5 Bxf5 29. Rcd2 Bxb1 30. Nxb1 Ne5 31. Nc3 Kf7 32. a3 Rc4 33. Nd5 e6
34. Nb4 Rb6 35. Rc2 Rxc2 36. Rxc2 Kf6 37. Kf2 d5 38. Ke3 Nc4+ 39. Kd4 Rb5 40.
f4 h5 41. g3 Kf5 42. h3 Na5 43. Ke3 Nc4+ 44. Kf3 Rb6 45. Re2 Kf6 46. Rc2 Ke7
47. g4 hxg4+ 48. hxg4 Kf6 49. Rh2 Kg7 50. Re2 Kf6 51. g5+ Kf7 52. Rh2 Kg7 53.
Nd3 Rb3 54. Ke2 Nxb2 55. Nc5 Rxa3 56. Nxe6+ Kf7 57. Nc7 Nc4 58. Rh7+ Kg8 59.
Rd7 Re3+ 60. Kf2 a3 61. Nxd5 a2 62. Nf6+ Kf8 1/2-1/2

[Event "C.to Provinciale BS"]
[Site "Provaglio d'Iseo ITA"]
[Date "2012.03.09"]
[Round "2"]
[White "Frugoni, Giulio"]
[Black "Conti, Ferdinando"]
[WhiteElo "1641"]
[BlackElo "1788"]
[Result "0-1"]
[PlyCount "76"]
[EventDate "2012.03.02"]

1. e4 c5 2. Nf3 Nc6 3. d4 cxd4 4. Nxd4 e5 5. Nxc6 bxc6 6. Nc3 Bb4 7. Bc4 Nf6 8.
Qf3 d5 9. exd5 cxd5 10. Bb5+ Bd7 11. Bxd7+ Qxd7 12. O-O Bxc3 13. bxc3 O-O 14.
a4 Rac8 15. Ba3 Rfe8 16. Bb4 Ne4 17. Rfd1 Qc6 18. Ra3 Re6 19. Qe2 Rf6 20. f3 a5
21. fxe4 axb4 22. cxb4 d4 23. Rd2 Rf4 24. b5 Qc5 25. Rad3 Qb4 26. c3 Qxa4 27.
cxd4 Qxb5 28. dxe5 Qb6+ 29. Kh1 Rh4 30. Rd6 Qa5 31. Qd1 g6 32. Rd8+ Rxd8 33.
Rxd8+ Kg7 34. Rd5 Qb4 35. Qf1 Rxe4 36. Qf6+ Kh6 37. h3 Rf4 38. Qd8 Rf1+ 0-1

[Event "C.to Provinciale BS"]
[Site "Provaglio d'Iseo ITA"]
[Date "2012.03.09"]
[Round "2"]
[White "Panada, Valter"]
[Black "Massetti, Euro"]
[WhiteElo "1880"]
[BlackElo "1898"]
[Result "1/2-1/2"]
[PlyCount "66"]
[EventDate "2012.03.02"]

1. e4 c5 2. Nf3 Nc6 3. d4 cxd4 4. Nxd4 Nf6 5. Nc3 a6 6. Be3 d6 7. Be2 Nxd4 8.
Bxd4 e5 9. Be3 Be6 10. O-O d5 11. exd5 Nxd5 12. Nxd5 Qxd5 13. Qe1 Be7 14. b3
O-O 15. c4 Qc6 16. f4 Bc5 17. Qf2 Bxe3 18. Qxe3 exf4 19. Qxf4 Rae8 20. Rad1 Rd8
21. Kh1 h6 22. Qh4 Qc7 23. Qe4 Qc6 24. Qxc6 bxc6 25. Bf3 c5 26. Kg1 g6 27. h3
Kg7 28. Bd5 Bxd5 29. cxd5 Rfe8 30. Rf2 Re5 31. d6 Re6 32. Rc1 Rexd6 33. Rxc5
Rb6 1/2-1/2

[Event "C.to Provinciale BS"]
[Site "Provaglio d'Iseo ITA"]
[Date "2012.03.09"]
[Round "2"]
[White "Schaberg, Wolfgang"]
[Black "Barucco, Mattia"]
[WhiteElo "1886"]
[BlackElo "1979"]
[Result "0-1"]
[PlyCount "52"]
[EventDate "2012.03.02"]

1. Nf3 d5 2. g3 Nf6 3. Bg2 g6 4. O-O Bg7 5. d4 O-O 6. Nbd2 Ne4 7. c3 c5 8. Nxe4
dxe4 9. Ng5 cxd4 10. Nxe4 Nc6 11. Qb3 Na5 12. Qc2 Bf5 13. Rd1 Qb6 14. Qa4 Rac8
15. cxd4 Rc4 16. Qa3 Bxd4 17. e3 Be5 18. Qxe7 Rxe4 19. Bxe4 Bf6 20. Qa3 Bxe4
21. Rd6 Rd8 22. Rxd8+ Qxd8 23. Qa4 Qd5 24. Bd2 Nc6 25. Bc3 Bxc3 26. Rd1 Qf5 0-1

[Event "C.to Provinciale BS"]
[Site "Provaglio d'Iseo ITA"]
[Date "2012.03.09"]
[Round "2"]
[White "Vagliati, Massimo"]
[Black "Brugaletta, Giorgio"]
[WhiteElo "1732"]
[BlackElo "1696"]
[Result "1/2-1/2"]
[PlyCount "54"]
[EventDate "2012.03.02"]

1. d4 d5 2. c4 e6 3. Nc3 Nf6 4. e3 c5 5. Nf3 cxd4 6. exd4 Nc6 7. Bf4 a6 8. a3
h6 9. h3 Bd6 10. Bxd6 Qxd6 11. c5 Qf4 12. Be2 O-O 13. g3 Qc7 14. b4 Bd7 15. O-O
Ne4 16. Qe1 Rfe8 17. Kg2 Nxc3 18. Qxc3 e5 19. dxe5 Nxe5 20. Rad1 Rad8 21. Rfe1
Bc6 22. Nd4 Bd7 23. Kh2 Qc8 24. Bf1 Nc6 25. Bg2 Nxd4 26. Qxd4 Rxe1 27. Rxe1 Be6
1/2-1/2

[Event "C.to Provinciale BS"]
[Site "Provaglio d'Iseo ITA"]
[Date "2012.03.16"]
[Round "3"]
[White "Barucco, Mattia"]
[Black "Cattaneo, Ugo"]
[WhiteElo "1979"]
[BlackElo "1827"]
[Result "1-0"]
[PlyCount "39"]
[EventDate "2012.03.02"]

1. e4 e5 2. Nf3 Nc6 3. Bb5 Bc5 4. c3 Nf6 5. O-O O-O 6. d4 exd4 7. cxd4 Bb6 8.
e5 Ne4 9. d5 Ne7 10. d6 cxd6 11. exd6 Nf5 12. Nc3 Nfxd6 13. Bd3 f5 14. Qc2 Nc5
15. Bg5 Qe8 16. Rae1 Ne6 17. Nd5 Nxg5 18. Rxe8 Nxf3+ 19. gxf3 Nxe8 20. Ne7+ 1-0

[Event "C.to Provinciale BS"]
[Site "Provaglio d'Iseo ITA"]
[Date "2012.03.16"]
[Round "3"]
[White "Bettoni, Davide"]
[Black "Vagliati, Massimo"]
[WhiteElo "1593"]
[BlackElo "1732"]
[Result "1-0"]
[PlyCount "59"]
[EventDate "2012.03.02"]

1. d4 Nf6 2. c4 g6 3. Nc3 Bg7 4. e4 d6 5. Nf3 O-O 6. Be2 c5 7. d5 Nbd7 8. O-O
Nb6 9. h3 Nfd7 10. Bf4 a6 11. Re1 Nf6 12. Bh2 Ne8 13. Bf1 Kh8 14. e5 dxe5 15.
Bxe5 Nd6 16. Bxg7+ Kxg7 17. b3 Qc7 18. Qe2 Re8 19. Qb2 Kg8 20. Re2 e6 21. Rae1
Bd7 22. Ng5 exd5 23. cxd5 Bf5 24. g4 Bd7 25. Qd2 Rxe2 26. Rxe2 Re8 27. Nce4
Nxe4 28. Nxe4 Qd8 29. g5 Re5 30. Nf6+ 1-0

[Event "C.to Provinciale BS"]
[Site "Provaglio d'Iseo ITA"]
[Date "2012.03.16"]
[Round "3"]
[White "Conti, Ferdinando"]
[Black "Schaberg, Wolfgang"]
[WhiteElo "1788"]
[BlackElo "1886"]
[Result "0-1"]
[PlyCount "54"]
[EventDate "2012.03.02"]

1. b4 e5 2. Bb2 Bxb4 3. Bxe5 Nf6 4. Nf3 d5 5. e3 O-O 6. Be2 Bg4 7. O-O Nbd7 8.
Bb2 c5 9. a3 Ba5 10. h3 Bh5 11. Nc3 a6 12. Nh2 Bxe2 13. Qxe2 Re8 14. Qd1 Ne5
15. Nf3 Nc4 16. Qc1 b5 17. d3 Nxb2 18. Qxb2 Qd6 19. Nd1 Bc7 20. d4 c4 21. Qb4
Qe6 22. Qe1 Ne4 23. Qe2 Qd6 24. g3 Re6 25. Kg2 Nxg3 26. fxg3 Qxg3+ 27. Kh1
Qxh3+ 0-1

[Event "C.to Provinciale BS"]
[Site "Provaglio d'Iseo ITA"]
[Date "2012.03.16"]
[Round "3"]
[White "Cristiani, Cesare"]
[Black "Sbernini, Daniele"]
[WhiteElo "2121"]
[BlackElo "1635"]
[Result "1-0"]
[PlyCount "57"]
[EventDate "2012.03.02"]

1. c4 e6 2. g3 d5 3. Bg2 Nf6 4. Nf3 c6 5. Qc2 Be7 6. O-O O-O 7. b3 Nbd7 8. Bb2
b6 9. d3 Bb7 10. Nbd2 Rc8 11. e4 dxe4 12. dxe4 Qc7 13. e5 Ng4 14. Rfe1 h5 15.
h3 Nh6 16. Rad1 c5 17. Ne4 Bxe4 18. Qxe4 Rfd8 19. Qe2 Nf8 20. Nd2 g6 21. Ne4
Nh7 22. Nd6 Rxd6 23. exd6 Bxd6 24. Qd3 Nf5 25. Re4 Nd4 26. Bxd4 cxd4 27. Rxd4
Be5 28. Rd7 Qb8 29. Rb7 1-0

[Event "C.to Provinciale BS"]
[Site "Provaglio d'Iseo ITA"]
[Date "2012.03.16"]
[Round "3"]
[White "Dieli, Riccardo"]
[Black "Bosio, Devis"]
[WhiteElo "1861"]
[BlackElo "2066"]
[Result "1-0"]
[PlyCount "69"]
[EventDate "2012.03.02"]

1. Nf3 f5 2. d4 Nf6 3. c4 g6 4. b3 Bg7 5. Bb2 d6 6. e3 O-O 7. Be2 e5 8. dxe5
Ng4 9. Qd5+ Kh8 10. h3 Nxe5 11. Nxe5 dxe5 12. Bxe5 Qe7 13. Bxg7+ Qxg7 14. Qd4
Qxd4 15. exd4 Nc6 16. d5 Nd4 17. Kd2 f4 18. Bg4 f3 19. g3 Bxg4 20. hxg4 Rae8
21. Nc3 Ne2 22. Rae1 Nxc3 23. Rxe8 Rxe8 24. Kxc3 Re2 25. c5 Kg7 26. d6 cxd6 27.
cxd6 Re6 28. Rd1 Re8 29. Kd4 Kf6 30. Rd3 Re2 31. Kc3 Re8 32. Rxf3+ Kg5 33. Kd4
Kxg4 34. Rf4+ Kg5 35. Kd5 1-0

[Event "C.to Provinciale BS"]
[Site "Provaglio d'Iseo ITA"]
[Date "2012.03.16"]
[Round "3"]
[White "Ghidinelli, Giorgio"]
[Black "Panada, Valter"]
[WhiteElo "1885"]
[BlackElo "1880"]
[Result "1/2-1/2"]
[PlyCount "93"]
[EventDate "2012.03.02"]

1. Nf3 d5 2. d4 Nf6 3. Bf4 e6 4. c3 Be7 5. h3 O-O 6. e3 Nbd7 7. Bd3 c5 8. dxc5
Nxc5 9. Bc2 b6 10. O-O Ba6 11. Re1 Rc8 12. Ne5 Bd6 13. Nd3 Nxd3 14. Bxd3 Bxd3
15. Qxd3 Bxf4 16. exf4 Ne4 17. Nd2 Nxd2 18. Qxd2 Qf6 19. Re5 Qh6 20. Rae1 Rc4
21. g3 Qxh3 22. Qe2 Qh6 23. f5 exf5 24. Rxf5 Re4 25. Qd1 Qe6 26. Rxe4 dxe4 27.
Rd5 e3 28. fxe3 Qxe3+ 29. Kg2 h6 30. Rd3 Qe4+ 31. Qf3 Qa4 32. Qd5 Re8 33. Rd2
Qg4 34. Qf3 Qe6 35. b3 a5 36. c4 a4 37. Qd5 axb3 38. axb3 Qe3 39. Rf2 Re6 40.
Qa8+ Kh7 41. Rxf7 Qxb3 42. Qd5 Re2+ 43. Kh3 Qc2 44. Qf5+ Qxf5+ 45. Rxf5 Re4 46.
Rb5 Re6 47. c5 1/2-1/2

[Event "C.to Provinciale BS"]
[Site "Provaglio d'Iseo ITA"]
[Date "2012.03.16"]
[Round "3"]
[White "Massetti, Euro"]
[Black "Dieli, Alberto"]
[WhiteElo "1898"]
[BlackElo "1947"]
[Result "1-0"]
[PlyCount "49"]
[EventDate "2012.03.02"]

1. c4 e5 2. Nc3 Nf6 3. g3 Bc5 4. Bg2 Nc6 5. Nf3 a6 6. O-O O-O 7. a3 Rb8 8. b4
Bd4 9. Bb2 d6 10. Qc2 Bg4 11. e3 Ba7 12. Ne4 Nxe4 13. Qxe4 f5 14. Qc2 e4 15.
Qc3 Qe7 16. Nh4 Be2 17. Rfe1 Bd3 18. Bh3 Ne5 19. Nxf5 Rxf5 20. Bxf5 Rf8 21. Bh3
Qf6 22. Rf1 Bxc4 23. Qxc4+ Nxc4 24. Bxf6 Rxf6 25. Rfc1 1-0

[Event "C.to Provinciale BS"]
[Site "Provaglio d'Iseo ITA"]
[Date "2012.03.16"]
[Round "3"]
[White "Onger, Nicola"]
[Black "De Bellis, Aldo"]
[WhiteElo "1748"]
[BlackElo "1687"]
[Result "1-0"]
[PlyCount "89"]
[EventDate "2012.03.02"]

1. e4 e6 2. d4 d5 3. exd5 exd5 4. c4 c6 5. Nc3 Nf6 6. Bg5 Be7 7. Nf3 Bf5 8. Bd3
Bxd3 9. Qxd3 O-O 10. O-O Nbd7 11. Rfe1 Bd6 12. cxd5 cxd5 13. Nxd5 Qa5 14. Nxf6+
Nxf6 15. Bxf6 gxf6 16. a3 Rfe8 17. b4 Qh5 18. h3 Kh8 19. Rxe8+ Rxe8 20. Kh1 Rg8
21. Qe4 Qb5 22. Re1 a5 23. bxa5 Bxa3 24. Rb1 Qxa5 25. Qxb7 Qh5 26. Qe4 Qh6 27.
Kh2 Bd6+ 28. g3 Qg7 29. Rg1 Qh6 30. Nh4 Qg5 31. Nf5 Ba3 32. Ra1 Bf8 33. Kg2 h5
34. h4 Qg6 35. d5 Kh7 36. d6 Bxd6 37. Nxd6 Qxe4+ 38. Nxe4 Kg6 39. Ra5 Re8 40.
Kf3 Re6 41. Rd5 Ra6 42. Rd6 Ra3+ 43. Kf4 Ra4 44. Rxf6+ Kg7 45. Rf5 1-0

[Event "C.to Provinciale BS"]
[Site "Provaglio d'Iseo ITA"]
[Date "2012.03.16"]
[Round "3"]
[White "Zorzi, Aristide"]
[Black "Frugoni, Giulio"]
[WhiteElo "1765"]
[BlackElo "1641"]
[Result "1-0"]
[PlyCount "150"]
[EventDate "2012.03.02"]

1. e4 c5 2. Nf3 Nc6 3. Bb5 a6 4. Bxc6 bxc6 5. O-O Nf6 6. Re1 e6 7. d3 h6 8. b3
d6 9. e5 dxe5 10. Nxe5 Qd4 11. c3 Qd5 12. Bb2 c4 13. Nxc4 Rb8 14. Qe2 Be7 15.
Nbd2 O-O 16. Rad1 Rb5 17. Ne3 Qg5 18. c4 Rb7 19. Nf3 Qh5 20. Bc3 Ng4 21. Nxg4
Qxg4 22. Ne5 Qxe2 23. Rxe2 Bf6 24. Ba5 c5 25. d4 Bxe5 26. Rxe5 cxd4 27. Rxd4
Rd7 28. Rxd7 Bxd7 29. Rc5 Rc8 30. Re5 f6 31. Re3 Kf7 32. f3 Rc6 33. Rd3 Ke8 34.
Kf2 e5 35. g4 e4 36. fxe4 Bxg4 37. Rg3 Rc5 38. Bb4 Rg5 39. Bd2 Rg6 40. h3 Bh5
41. Rd3 f5 42. Rd5 Re6 43. exf5 Re2+ 44. Kg3 Kf7 45. b4 Re4 46. c5 Rc4 47. a4
Bd1 48. Bxh6 Bxa4 49. Bd2 Bb5 50. Rd6 Rc2 51. Kf4 Rc4+ 52. Kg5 Rc2 53. h4 Rc4
54. h5 Re4 55. h6 gxh6+ 56. Kxh6 Rh4+ 57. Kg5 Rh2 58. Be3 Rg2+ 59. Kf4 Rh2 60.
Ke4 Rc2 61. Bd2 Rc4+ 62. Ke5 Rh4 63. Rb6 Rc4 64. Rb7+ Ke8 65. Rh7 Rc2 66. Bg5
Re2+ 67. Kf6 Rg2 68. Rh8+ Kd7 69. Kg6 Bc4 70. Rd8+ Kc7 71. Rd4 Bb5 72. f6 Be8+
73. Kh6 Rf2 74. Re4 Rh2+ 75. Kg7 Rh5 1-0

[Event "C.to Provinciale BS"]
[Site "Provaglio d'Iseo ITA"]
[Date "2012.03.23"]
[Round "4"]
[White "Bosio, Devis"]
[Black "Onger, Nicola"]
[WhiteElo "2066"]
[BlackElo "1748"]
[Result "1-0"]
[PlyCount "43"]
[EventDate "2012.03.02"]

1. e4 e5 2. Nf3 Nc6 3. Bb5 a6 4. Bxc6 dxc6 5. O-O Bg4 6. h3 Bxf3 7. Qxf3 Nf6 8.
d3 Be7 9. Be3 Qd7 10. Nd2 O-O 11. Nb3 b6 12. d4 exd4 13. Nxd4 c5 14. Nf5 g6 15.
Rad1 Qe6 16. Nxe7+ Qxe7 17. Bg5 Kg7 18. Rd7 Qe5 19. Bxf6+ Qxf6 20. Qxf6+ Kxf6
21. Rxc7 Ke5 22. Rd1 1-0

[Event "C.to Provinciale BS"]
[Site "Provaglio d'Iseo ITA"]
[Date "2012.03.23"]
[Round "4"]
[White "Cattaneo, Ugo"]
[Black "Ghidinelli, Giorgio"]
[WhiteElo "1827"]
[BlackElo "1885"]
[Result "0-1"]
[PlyCount "84"]
[EventDate "2012.03.02"]

1. e4 e6 2. d4 d5 3. e5 c5 4. c3 Nc6 5. Nf3 Qb6 6. a4 cxd4 7. cxd4 Bb4+ 8. Bd2
Nge7 9. Bxb4 Qxb4+ 10. Qd2 Bd7 11. Nc3 a6 12. Be2 Nf5 13. Rd1 Na5 14. O-O Nc4
15. Bxc4 Qxc4 16. b3 Qb4 17. g4 Ne7 18. Ne4 Qxd2 19. Nd6+ Kf8 20. Rxd2 Rb8 21.
Rc1 Nc6 22. Rdc2 Ke7 23. b4 f6 24. b5 axb5 25. Nxb5 Ra8 26. exf6+ gxf6 27. Nc3
Nb4 28. Re2 Rhc8 29. Re3 Rxc3 30. Rcxc3 Rxa4 31. Rc7 Nc6 32. Rxb7 Nxd4 33. Nxd4
Rxd4 34. h3 Rd1+ 35. Kg2 d4 36. Ra3 Kd6 37. Rxd7+ Kxd7 38. Ra7+ Kd6 39. Rxh7 d3
40. Kf3 Re1 41. Rh8 Kc7 42. Rh7+ Kc6 0-1

[Event "C.to Provinciale BS"]
[Site "Provaglio d'Iseo ITA"]
[Date "2012.03.23"]
[Round "4"]
[White "Dieli, Alberto"]
[Black "Brugaletta, Giorgio"]
[WhiteElo "1947"]
[BlackElo "1696"]
[Result "1-0"]
[PlyCount "71"]
[EventDate "2012.03.02"]

1. e4 e6 2. d4 d5 3. exd5 exd5 4. c4 Bb4+ 5. Nc3 Qe7+ 6. Be2 Nf6 7. Nf3 O-O 8.
O-O Bxc3 9. bxc3 h6 10. Re1 c6 11. Qb3 Qc7 12. Ne5 Nbd7 13. Bf4 Qa5 14. Bf3 Nb6
15. c5 Nbd7 16. Nd3 Qd8 17. Re3 Ne4 18. Bxe4 dxe4 19. Rxe4 Nf6 20. Re2 Qd5 21.
Qxd5 Nxd5 22. Bd6 Nxc3 23. Rc2 Nb5 24. Bxf8 Kxf8 25. Rc4 Bf5 26. Ne5 Rd8 27.
Rd1 Be6 28. Rc2 Rxd4 29. Rxd4 Nxd4 30. Rd2 Nb5 31. a4 Nc3 32. a5 Ne4 33. Rc2
Bf5 34. f3 Nf6 35. Rb2 Bc8 36. a6 1-0